[Event "HUN-chT2 Erkel 2324"]
[Site "Hunagry"]
[Date "2024.04.21"]
[Round "8.9"]
[White "Makay, Andor"]
[Black "Torocsik, Jozsef"]
[Result "0-1"]
[WhiteElo "1770"]
[BlackElo "1841"]
[PlyCount "56"]
[EventDate "2023.10.08"]
[EventType "team-tourn"]
[EventRounds "9"]
[EventCountry "HUN"]
[SourceTitle "EXT 2025"]
[Source "ChessBase"]
[SourceDate "2024.10.14"]
[SourceVersion "1"]
[SourceVersionDate "2024.10.14"]
[SourceQuality "1"]
[WhiteTeam "Vizugyi"]
[BlackTeam "Godolloi SBE"]
[WhiteTeamCountry "HUN"]
[BlackTeamCountry "HUN"]

1. e4 e5 2. h3 Nf6 3. Nc3 d5 4. exd5 Nxd5 5. Nxd5 Qxd5 6. b3 Bc5 7. Bb2 Nc6 8. Ne2 Bf5 9. Nc3 Qd4 10. Qe2 0-0-0 11. Na4 Qd6 12. Nxc5 Qxc5 13. d3 e4 14. dxe4 Bxe4 15. Qc4 Qg5 16. Bc1 Qe5 17. Be2 Qxa1 18. 0-0 Qd4 19. Qxf7 Rhf8 20. Qe6+ Kb8 21. Be3 Qe5 22. Qc4 Rd6 23. Bc5 Rg6 24. f3 Bd5 25. Qd3 Re8 26. c4 Qxe2 27. Qxe2 Rxe2 28. cxd5 Rgxg2+ 0-1

[Event "HUN-chT2 Erkel 2324"]
[Site "Hunagry"]
[Date "2024.03.03"]
[Round "5.8"]
[White "Kis, Jozsef"]
[Black "Torocsik, Jozsef"]
[Result "0-1"]
[WhiteElo "1957"]
[BlackElo "1841"]
[PlyCount "98"]
[EventDate "2023.10.08"]
[EventType "team-tourn"]
[EventRounds "9"]
[EventCountry "HUN"]
[SourceTitle "EXT 2025"]
[Source "ChessBase"]
[SourceDate "2024.10.14"]
[SourceVersion "1"]
[SourceVersionDate "2024.10.14"]
[SourceQuality "1"]
[WhiteTeam "Egri Bolyky"]
[BlackTeam "Godolloi SBE"]
[WhiteTeamCountry "HUN"]
[BlackTeamCountry "HUN"]

1. e4 e5 2. Nf3 Nc6 3. d4 exd4 4. Bc4 Be7 5. 0-0 d6 6. Nxd4 Ne5 7. Be2 Nf6 8. f4 Ng6 9. Nc3 Bd7 10. g4 Bc6 11. Nxc6 bxc6 12. g5 Nd7 13. Be3 h6 14. Bh5 hxg5 15. Bxg6 fxg6 16. Qg4 Rh4 17. Qg2 Nf6 18. Rf3 g4 19. Rg3 Qd7 20. f5 gxf5 21. exf5 d5 22. Bg5 Rh5 23. Bxf6 Bxf6 24. Re1+ Kf7 25. Rxg4 Rah8 26. Rxg7+ Bxg7 27. Qg6+ Kf8 28. f6 Bxf6 29. Rf1 R8h7 30. Rxf6+ Rf7 31. Qxh5 Rxf6 32. Qh8+ Ke7 33. Qg7+ Rf7 34. Qg4 Ke8 35. Qg8+ Rf8 36. Qg6+ Kd8 37. Qg5+ Kc8 38. Ne2 Qe6 39. Ng3 Qe1+ 40. Kg2 Qf2+ 41. Kh3 Rh8+ 42. Nh5 Kb8 43. Qe5 Qf3+ 44. Kh4 Rg8 45. h3 Qf2+ 46. Ng3 Qxc2 47. Nf5 Qf2+ 48. Kh5 Qg2 49. Qe3 Qg6+ 0-1

[Event "HUN-chT2 Erkel 2324"]
[Site "Hunagry"]
[Date "2023.10.29"]
[Round "2.8"]
[White "Torocsik, Jozsef"]
[Black "Kiss, Pal Vac"]
[Result "1/2-1/2"]
[WhiteElo "1841"]
[BlackElo "1957"]
[PlyCount "44"]
[EventDate "2023.10.08"]
[EventType "team-tourn"]
[EventRounds "9"]
[EventCountry "HUN"]
[SourceTitle "EXT 2025"]
[Source "ChessBase"]
[SourceDate "2024.10.14"]
[SourceVersion "1"]
[SourceVersionDate "2024.10.14"]
[SourceQuality "1"]
[WhiteTeam "Godolloi SBE"]
[BlackTeam "Vac"]
[WhiteTeamCountry "HUN"]
[BlackTeamCountry "HUN"]

1. e4 e5 2. Nf3 Nc6 3. Bc4 Bc5 4. c3 Nf6 5. d3 d6 6. Bg5 h6 7. Bh4 g5 8. Bg3 Qe7 9. Nbd2 Be6 10. Qb3 0-0-0 11. Qa4 h5 12. h4 g4 13. Nh2 Bxc4 14. dxc4 Nxe4 15. Nxe4 f5 16. 0-0-0 fxe4 17. Rhe1 Rhf8 18. Qc2 Qh7 19. Rd2 Rf7 20. Qxe4 Qxe4 21. Rxe4 Rdf8 22. f3 gxf3 1/2-1/2

[Event "HUN-chT2 Erkel 1819"]
[Site "Hungary"]
[Date "2019.03.10"]
[Round "7.11"]
[White "Torocsik, Jozsef"]
[Black "Sterbenz, Tamas"]
[Result "0-1"]
[WhiteElo "1584"]
[BlackElo "1845"]
[PlyCount "60"]
[EventDate "2018.10.28"]
[EventType "team-tourn"]
[EventRounds "9"]
[EventCountry "HUN"]
[SourceTitle "EXT 2021"]
[Source "ChessBase"]
[SourceDate "2020.10.23"]
[SourceVersion "1"]
[SourceVersionDate "2020.10.23"]
[SourceQuality "1"]
[WhiteTeam "Szada GSBE"]
[BlackTeam "Budapest MTK II"]
[WhiteTeamCountry "HUN"]
[BlackTeamCountry "HUN"]

1. e4 b6 2. Nc3 Bb7 3. Bc4 e6 4. Nf3 Bb4 5. d3 d5 6. exd5 exd5 7. Bb3 d4 8. a3 Ba5 9. Ba4+ Nc6 10. b4 dxc3 11. bxa5 Nge7 12. axb6 axb6 13. Bb3 0-0 14. 0-0 Nd4 15. Nxd4 Qxd4 16. Be3 Qf6 17. Qg4 Nf5 18. Bf4 Ra5 19. Rfe1 Nh4 20. Be5 Rxe5 21. Rxe5 Nf3+ 22. gxf3 Qxe5 23. d4 Qf6 24. d5 Re8 25. Rd1 Bc8 26. Qg3 Re5 27. f4 Re4 28. Qg5 Qd6 29. Rd3 h6 30. Qg2 Re1+ 0-1

[Event "HUN-chT2 Erkel 1718"]
[Site "Hungary"]
[Date "2017.12.17"]
[Round "6.11"]
[White "Giang, Tran Nam"]
[Black "Torocsik, Jozsef"]
[Result "1-0"]
[WhiteElo "1607"]
[BlackElo "1634"]
[PlyCount "99"]
[EventDate "2017.09.24"]
[EventType "team-tourn"]
[EventRounds "11"]
[EventCountry "HUN"]
[SourceTitle "EXT 2021"]
[Source "ChessBase"]
[SourceDate "2020.10.23"]
[SourceVersion "1"]
[SourceVersionDate "2020.10.23"]
[SourceQuality "1"]
[WhiteTeam "Sarkany DSE"]
[BlackTeam "Szada GSBE"]
[WhiteTeamCountry "HUN"]
[BlackTeamCountry "HUN"]

1. e4 e5 2. Nf3 Nc6 3. Bc4 Bc5 4. c3 Nf6 5. d4 exd4 6. e5 Ng4 7. cxd4 Bb4+ 8. Nc3 d5 9. Bd3 f6 10. h3 fxe5 11. Bb5 e4 12. hxg4 Bxg4 13. Qa4 Bxc3+ 14. bxc3 exf3 15. Bxc6+ bxc6 16. Qxc6+ Kf7 17. gxf3 Bxf3 18. Rh3 Qe8+ 19. Qxe8+ Raxe8+ 20. Be3 Be4 21. Kd2 Re6 22. Bf4 c6 23. Be5 Rg8 24. Rg1 Rg6 25. Rxg6 Bxg6 26. Rf3+ Ke6 27. Kc1 Be4 28. Rf4 Bf5 29. Rh4 Be4 30. Kb2 Bf3 31. Kb3 h5 32. Rf4 Be4 33. Kb4 Bf5 34. Kc5 g6 35. Kxc6 Rc8+ 36. Bc7 Re8 37. Rf3 Be4 38. Re3 Rf8 39. Re2 h4 40. c4 Rf6 41. cxd5+ Kf5+ 42. Kc5 Ra6 43. d6 Rc6+ 44. Kb4 h3 45. d7 Rxc7 46. d8Q Rb7+ 47. Kc3 h2 48. Qf8+ Kg5 49. f4+ Kg4 50. Rxh2 1-0

[Event "HUN-chT2 Erkel 1718"]
[Site "Hungary"]
[Date "2017.09.24"]
[Round "1.12"]
[White "Torocsik, Jozsef"]
[Black "Koncz, Helga"]
[Result "1-0"]
[WhiteElo "1634"]
[BlackElo "1231"]
[PlyCount "65"]
[EventDate "2017.09.24"]
[EventType "team-tourn"]
[EventRounds "11"]
[EventCountry "HUN"]
[SourceTitle "EXT 2021"]
[Source "ChessBase"]
[SourceDate "2020.10.23"]
[SourceVersion "1"]
[SourceVersionDate "2020.10.23"]
[SourceQuality "1"]
[WhiteTeam "Szada GSBE"]
[BlackTeam "Andornaktalya"]
[WhiteTeamCountry "HUN"]
[BlackTeamCountry "HUN"]

1. e4 e5 2. Nf3 Nc6 3. Bc4 Bc5 4. d3 h6 5. Nc3 Nf6 6. Nd5 d6 7. h3 Be6 8. Nxf6+ Qxf6 9. Bxe6 fxe6 10. Be3 Bb6 11. c3 d5 12. Bxb6 axb6 13. 0-0 0-0 14. Re1 Rad8 15. Re2 Rfe8 16. Qc2 dxe4 17. Rxe4 Rd5 18. Rae1 Red8 19. R1e3 Kh8 20. Qe2 Re8 21. Nxe5 Nxe5 22. Rxe5 Rxe5 23. Rxe5 Kg8 24. d4 c6 25. Qe3 Kf7 26. f4 g6 27. g4 Qd8 28. Kg2 b5 29. Kg3 Qd7 30. f5 gxf5 31. Qxh6 fxg4 32. Qh7+ Kf8 33. Qxd7 1-0

[Event "HUN-chT2 Erkel 1617"]
[Site "Hungary"]
[Date "2016.09.25"]
[Round "1.12"]
[White "Torocsik, Jozsef"]
[Black "Csatari, Dominik"]
[Result "0-1"]
[WhiteElo "1643"]
[BlackElo "1724"]
[PlyCount "116"]
[EventDate "2016.09.25"]
[EventType "team-tourn"]
[EventRounds "11"]
[EventCountry "HUN"]
[SourceTitle "EXT 2021"]
[Source "ChessBase"]
[SourceDate "2020.10.23"]
[SourceVersion "1"]
[SourceVersionDate "2020.10.23"]
[SourceQuality "1"]
[WhiteTeam "Szada GSBE"]
[BlackTeam "Jaszbereny"]
[WhiteTeamCountry "HUN"]
[BlackTeamCountry "HUN"]

1. e4 e6 2. Nf3 d5 3. exd5 exd5 4. d4 Bd6 5. Bd3 Bg4 6. h3 Bh5 7. Be3 Ne7 8. Nbd2 c6 9. c3 Qc7 10. Qc2 Nd7 11. 0-0-0 0-0-0 12. Rde1 Bg6 13. Bxg6 Nxg6 14. Kb1 Rde8 15. Ng5 Re7 16. Ngf3 Rhe8 17. Bg5 Rxe1+ 18. Rxe1 Rxe1+ 19. Nxe1 h6 20. Be3 Bf4 21. Qd3 Kd8 22. Ndf3 Nb6 23. b3 Qe7 24. g3 Bxe3 25. Qxe3 Qe4+ 26. Qd3 f5 27. Kb2 Qe6 28. Qe3 Qxe3 29. fxe3 Nd7 30. Nd3 Nf6 31. Nf4 Nxf4 32. gxf4 Ne4 33. Kc2 g5 34. Ne5 Ke7 35. c4 Nf2 36. fxg5 hxg5 37. Kd2 Nxh3 38. Ke2 g4 39. Kf1 Ng5 40. Ng6+ Kf6 41. Nf4 Ne6 42. cxd5 Nxf4 43. dxc6 bxc6 44. exf4 Ke6 45. Ke2 Kd5 46. Ke3 a5 47. a3 g3 48. Kf3 g2 49. Kxg2 Kxd4 50. Kf3 Kc3 51. Kg3 Kxb3 52. Kh4 c5 53. Kg5 c4 54. Kxf5 c3 55. Kg6 c2 56. f5 c1Q 57. f6 Qxa3 58. Kg7 Qb2 0-1

[Event "HUN-chT2 Erkel 1516"]
[Site "Hungary"]
[Date "2016.03.20"]
[Round "9.9"]
[White "Torocsik, Jozsef"]
[Black "Patai, Peter"]
[Result "1-0"]
[WhiteElo "1666"]
[BlackElo "1851"]
[PlyCount "149"]
[EventDate "2015.09.13"]
[EventType "team-tourn"]
[EventRounds "11"]
[EventCountry "HUN"]
[SourceTitle "EXT 2017"]
[Source "ChessBase"]
[SourceDate "2016.10.25"]
[SourceVersion "1"]
[SourceVersionDate "2016.10.25"]
[SourceQuality "1"]
[WhiteTeam "GSBE"]
[BlackTeam "Salgotarjan"]
[WhiteTeamCountry "HUN"]
[BlackTeamCountry "HUN"]

1. e4 d6 2. d4 g6 3. Nf3 Bg7 4. Bc4 Nf6 5. Nc3 0-0 6. 0-0 a6 7. h3 b5 8. Be2 b4 9. Nb1 Nxe4 10. c3 c5 11. Be3 Qa5 12. Nbd2 Nxd2 13. Qxd2 Bf5 14. Bh6 Nd7 15. Bxg7 Kxg7 16. dxc5 dxc5 17. Qe3 bxc3 18. bxc3 Qc7 19. Rfe1 Nb6 20. c4 Rad8 21. Rad1 Be6 22. Ne5 Rd6 23. Qc3 Kg8 24. Ng4 Bxg4 25. Bxg4 Rfd8 26. Rxd6 Qxd6 27. Rd1 Qc7 28. Rxd8+ Qxd8 29. Qa5 Qd6 30. Qxa6 f5 31. Bf3 Kg7 32. a4 Qc7 33. a5 Nd7 34. Qb7 Qxa5 35. Qxd7 Qa1+ 36. Qd1 Qe5 37. Qe2 Qd6 38. Bd5 e5 39. Qb2 Kf6 40. Qb7 Qe7 41. Qxe7+ Kxe7 42. Kf1 Kf6 43. Ke2 g5 44. Ke3 h5 45. f3 h4 46. Kf2 Kg6 47. g4 hxg3+ 48. Kxg3 Kh5 49. Bf7+ Kh6 50. h4 Kg7 51. Bd5 gxh4+ 52. Kxh4 Kf6 53. Bc6 Kg6 54. Bd7 Kf6 55. Kh5 e4 56. fxe4 fxe4 57. Kg4 Ke5 58. Kg3 Kd4 59. Be6 Kd3 60. Kf2 Kd2 61. Bg4 Kd3 62. Be2+ Kd4 63. Ke1 Ke3 64. Kd1 Kd4 65. Kd2 e3+ 66. Kc2 Ke4 67. Kc3 Ke5 68. Kd3 Kf4 69. Bd1 Kf5 70. Kxe3 Ke5 71. Bc2 Kd6 72. Ke4 Ke6 73. Bd1 Kd6 74. Bg4 Kc6 75. Ke5 1-0

[Event "HUN-chT2 Erkel 1314"]
[Site "Hungary"]
[Date "2014.05.02"]
[Round "11.12"]
[White "Torocsik, Jozsef"]
[Black "Czajner, Gabor"]
[Result "0-1"]
[WhiteElo "1621"]
[BlackElo "1596"]
[PlyCount "98"]
[EventDate "2013.09.08"]
[EventType "team-tourn"]
[EventRounds "11"]
[EventCountry "HUN"]
[SourceTitle "EXT 2016"]
[Source "ChessBase"]
[SourceDate "2015.10.08"]
[SourceVersion "1"]
[SourceVersionDate "2015.10.08"]
[SourceQuality "1"]
[WhiteTeam "Szada GSBE"]
[BlackTeam "Andornaktalya"]
[WhiteTeamCountry "HUN"]
[BlackTeamCountry "HUN"]

1. e4 e6 2. d4 d5 3. exd5 exd5 4. Nf3 Bd6 5. Bd3 Ne7 6. Be3 c6 7. Nbd2 Bg4 8. c3 0-0 9. Qc2 h6 10. 0-0-0 f5 11. Nb3 Nd7 12. h3 Bh5 13. Rdg1 f4 14. Bd2 c5 15. c4 Rc8 16. Kb1 Nb6 17. Qc1 Bg6 18. Bxg6 Nxg6 19. cxd5 cxd4 20. Qd1 d3 21. Bc3 Nxd5 22. Qxd3 Nxc3+ 23. bxc3 Qf6 24. Rd1 Rfd8 25. Nfd4 Ne5 26. Qf5 Rf8 27. Qxf6 Rxf6 28. Nd2 Rg6 29. Ne4 Bf8 30. g4 fxg3 31. fxg3 Nc4 32. Rd3 Rb6+ 33. Ka1 Ba3 34. Nb3 a5 35. Ned2 a4 36. Nxc4 Rxc4 37. Rd8+ Kh7 38. Ra8 axb3 39. Rxa3 Rxc3 40. Rxb3 Rcxb3 41. axb3 Rxb3 42. g4 Kg6 43. h4 Rb4 44. Rg1 b5 45. Ka2 Rf4 46. Ka3 Rf3+ 47. Kb4 Rh3 48. g5 Rxh4+ 49. Kxb5 Rh5 0-1

[Event "HUN-chT2 Erkel 1314"]
[Site "Hungary"]
[Date "2013.11.03"]
[Round "4"]
[White "Horvath, Ilona Klara"]
[Black "Torocsik, Jozsef"]
[Result "1/2-1/2"]
[WhiteElo "1930"]
[BlackElo "1621"]
[PlyCount "54"]
[EventDate "2013.09.08"]
[EventType "team-tourn"]
[EventRounds "11"]
[EventCountry "HUN"]
[SourceTitle "EXT 2016"]
[Source "ChessBase"]
[SourceDate "2015.10.08"]
[SourceVersion "1"]
[SourceVersionDate "2015.10.08"]
[SourceQuality "1"]
[WhiteTeam "Budapest MAFC"]
[BlackTeam "Szada GSBE"]
[WhiteTeamCountry "HUN"]
[BlackTeamCountry "HUN"]

1. e4 e5 2. d4 exd4 3. c3 Nc6 4. Nf3 Nf6 5. e5 Nd5 6. Bc4 Nb6 7. Bd3 d6 8. cxd4 dxe5 9. 0-0 Bg4 10. Re1 Be7 11. dxe5 Qd7 12. Be4 Qxd1 13. Bxc6+ bxc6 14. Rxd1 Bxf3 15. gxf3 0-0 16. Bf4 Rfd8 17. Nc3 Nd5 18. Ne2 Nxf4 19. Nxf4 Rxd1+ 20. Rxd1 Rd8 21. Rxd8+ Bxd8 22. Kf1 Kf8 23. Ke2 Bg5 24. Nd3 Ke8 25. f4 Be7 26. a3 Kd7 27. f5 c5 1/2-1/2